| 000 | 00887nas a2200289 4500 | ||
|---|---|---|---|
| 001 | BR2013010643 | ||
| 003 | BR-BrBNA | ||
| 005 | 20231205123518.0 | ||
| 007 | ta | ||
| 008 | 230509b bl.|||p| |||| 00| 00por d | ||
| 040 |
_aBR-BrBNA _bpor _cBiblioteca Nacional de Agricultura |
||
| 041 | _a(Pt) | ||
| 072 | _aH20 | ||
| 100 | 1 | _aOliveira, B.F. de | |
| 100 | 1 | _aBezerra, J.L. | |
| 100 | 1 | _aSantos, N.V. dos | |
| 245 | 1 | _aPrimeiro registro de Cookeina sulcipes, C. tricholoma e Philipsia dominguensis, no bioma Mata Atlântica do sudeste da Bahia | |
| 650 | _aCACAU | ||
| 650 | _aFUNGO | ||
| 650 | _aTAXONOMIA | ||
| 650 | _aECOLOGIA | ||
| 650 | _aBIOLOGIA | ||
| 773 | 0 |
_tAgrotrópica (Brazil) _xISSN 0103-3816 _g(Jan-Apr 2013), v. 25(1) p. 39-44 _wBR2013010643 |
|
| 856 | 4 | 0 | _dLink DSPACE/MAPA BR2013010643 |
| 909 |
_a202311 _bLúcia _c55 _dLúcia Elande |
||
| 942 |
_2AGRIS _n0 _cANA |
||
| 999 |
_c234286 _d234286 |
||